Normal view
MARC view
- Reports
Entry Topical Term
001 - CONTROL NUMBER
- control field: 45868
003 - CONTROL NUMBER IDENTIFIER
- control field: NUST
005 - DATE AND TIME OF LATEST TRANSACTION
- control field: 20210314133349.0
008 - FIXED-LENGTH DATA ELEMENTS
- fixed length control field: 210314|| aca||aabn | a|a d
040 ## - CATALOGING SOURCE
- Original cataloging agency: NUST
- Transcribing agency: NUST
150 ## - HEADING--TOPICAL TERM
- Topical term or geographic name entry element: Reports
- General subdivision: Preparation
670 ## - SOURCE DATA FOUND
- Source citation: Work cat.: (NUST): Nelson, J. Raleigh 45867, Writing the technical report, 1947.
